| 000 -LEADER |
| fixed length control field |
00764nam a2200217Ia 4500 |
| 001 - CONTROL NUMBER |
| control field |
14994 |
| 003 - CONTROL NUMBER IDENTIFIER |
| control field |
GE_BSU |
| 008 - FIXED-LENGTH DATA ELEMENTS--GENERAL INFORMATION |
| fixed length control field |
181216s||||||||xx |||||||||||||| ||und|| |
| 040 ## - CATALOGING SOURCE |
| Transcribing agency |
GE_BSU |
| 080 ## - UNIVERSAL DECIMAL CLASSIFICATION NUMBER |
| Universal Decimal Classification number |
515.12 |
| 100 ## - MAIN ENTRY--PERSONAL NAME |
| Personal name |
Бурбаки,Н. |
| 245 ## - TITLE STATEMENT |
| Title |
Общая топология. Использование вещественных чисел в общей топологии |
| 245 ## - TITLE STATEMENT |
| Statement of responsibility, etc. |
Под.ред.Д.А.Райкова Пер. с франц. С.Н. Крачковского |
| 260 ## - PUBLICATION, DISTRIBUTION, ETC. |
| Place of publication, distribution, etc. |
Москва |
| 260 ## - PUBLICATION, DISTRIBUTION, ETC. |
| Name of publisher, distributor, etc. |
Наука |
| 260 ## - PUBLICATION, DISTRIBUTION, ETC. |
| Date of publication, distribution, etc. |
1975 |
| 300 ## - PHYSICAL DESCRIPTION |
| Extent |
408стр.22см. |
| 653 ## - INDEX TERM--UNCONTROLLED |
| Uncontrolled term |
Использование вещественных чисел в общей топологии |
| 653 ## - INDEX TERM--UNCONTROLLED |
| Uncontrolled term |
Общая топология. |
| 942 ## - ADDED ENTRY ELEMENTS (KOHA) |
| Koha item type |
წიგნი |